000 01888nam a2200385 a 4500
001 00166
003 DO-SdBNP
005 20180309115118.0
007 00166
008 091118s2008 dr 2008 000 0 spa d
020 _a9789945112078 - Guía
040 _aBPMSU
_bspa
_cBPMSU
092 _a372.83
_bB828s 8vo. 2008
100 1 _aBrea, José
245 1 0 _aSociedad 8 :
_bbásica /
_cJosé Brea, Henry Ramos Santos, Fanny Capellán ; direciión editorial Obdulia García de Escobar
260 _aSanto Domingo :
_bSantillana,
_c2008.
300 _a207 p. :
_bil., mapas., retrs. ;
_c28 cm.
490 1 _aCoral
500 _aLa biblioteca solamente posee la guía
505 0 _tUnidad 1.
_tLos inicios el siglo XXl --
_tUnidad 2 .
_tLas pugnas caudillistas --
_tUnidad 3 .
_tLa intervención norteamericana de 1916-1924 --
_tUnidad 4 .
_tLa dictadura de Trujillo --
_tUnidad 5 .
_tLa oposición política y la caída de la dictadura --
_tUnidad 6 .
_tEl Caribe entre 1900 y 1970 --
_tUnidad 7.
_tEl país entre 1961 y 1965 --
_tUnidad 8.
_tLos gobiernos de Balaguer (1966-1978) --
_tUnidad 9 .
_tLos gobiernos desde 1978 hasta el 2008 --
_tUnidad 10 .
_tLa economía dominicana hoy --
_tUnidad 11 .
_tLa cultura dominicana --
_tUnidad 12 .
_tLa organización del espacio .
650 4 _aCIENCIAS SOCIALES
_zENSEÑANZA BÁSICA
650 4 _aCIENCIAS SOCIALES
_xEDUCACIÓN PRIMARIA
650 4 _aCIENCIAS SOCIALES
_xLIBROS DE TEXTOS
650 4 _aCIENCIAS SOCIALES
_xLIBROS DE TEXTOS
650 4 _aEDUCACIÓN PRIMARIA
_zREPÚBLICA DOMINICANA
700 1 2 _aRamos Santos, Henry
700 _aCapellán, Fanny
700 _aGarcía de Escobar, Obdulia,
_eed.
830 0 _aCoral
910 _aValidado. Control de calidad MFF
942 _2ddc
_cBK
945 _aRemanejado para la BNPHU / 2018 VM
956 _aVMATEO
_b10
_c20150615
_lBPMSU
_h00151
956 _aBTAVÁREZ
_b10
_c20160408
_l166
999 _c9648
_d9648